000 00472nam a2200133 a 4500
008 120416s1968 ||||||||||||||||| || u
050 _aQA 267.5 Zac
100 _aZacharov, Basil
245 1 0 _aDigital Systems and circuits
260 _aLondon
_bAllen and Unwin
_c1968
300 _a160p. : ill.
350 _a0.00
995 _D0.00
_FCBU-MAIN LIBRARY (Kitwe)
_H1
_I1.50
_M1
_UAVAILABLE
_ZAnnex Low-Usage Collection
999 _c40195
_d40195